000
00228nam a22000857a 4500
008
170620b xxu||||| |||| 00| 0 eng d
100
_9
3574
_a
Carlton.R.R
245
_a
Principles of Radiographic Imaging
260
_a
USA
_b
Elsevier
_c
2006
999
_c
6960
_d
6960